Reporting ako samostatná disciplína

Hlavnou úlohou reportingu je stanoviť určité všeobecné štandardné pravidlá účtovania, prípustné metódy oceňovania a spôsoby vykazovania tak, aby prezentované výkazy zostavené na báze finančného účtovníctva podniku dosahovali požadovanú vykazovaciu schopnosť. Charakteristika reportingu. Zdroje údajo...

Descripción completa

Guardado en:
Detalles Bibliográficos
Autor principal: Harumová, Anna, 1955-
Formato: Capítulo de libro
Lenguaje:eslovaco
Materias:
Etiquetas: Agregar Etiqueta
Sin Etiquetas, Sea el primero en etiquetar este registro!

MARC

LEADER 00000naa$a2200000$$$4500
001 0018336
005 20240502071405.7
041 0 |a slo 
044 |a SK 
245 1 0 |a Reporting ako samostatná disciplína  |c aut. Anna Harumová 
520 |a Hlavnou úlohou reportingu je stanoviť určité všeobecné štandardné pravidlá účtovania, prípustné metódy oceňovania a spôsoby vykazovania tak, aby prezentované výkazy zostavené na báze finančného účtovníctva podniku dosahovali požadovanú vykazovaciu schopnosť. Charakteristika reportingu. Zdroje údajov pre reporting. Rozkladové tabuľky. Zdrojové tabuľky. Reportingové tabuľky. Základné náležitosti reportov. Druhy reportov. Vplyv účtovných systémov na reporty. 
610 2 0 |a informácie vnútropodnikové 
610 2 0 |a spracovanie dát 
610 2 0 |a reporting 
610 2 0 |a výkazy účtovné 
610 2 0 |a zdroje informácií 
610 2 0 |a hospodárenie finančné 
610 2 0 |a rozbory činnosti hospodárskej 
100 1 |a Harumová, Anna, 1955-